Online Catalogue and eLibrary

Privatisation of tea plantations (Record no. 2796)

MARC details
000 -LEADER
fixed length control field 00566nam a2200181Ia 4500
005 - DATE AND TIME OF LATEST TRANSACTION
control field 20240530014353.0
008 - FIXED-LENGTH DATA ELEMENTS--GENERAL INFORMATION
fixed length control field 240331s9999 xx 000 0 und d
020 ## - INTERNATIONAL STANDARD BOOK NUMBER
ISBN 9559102133
082 ## - DDC Classification
Item Number - Author Mark SHA
Class No. 338.9
100 ## - MAIN ENTRY--PERSONAL NAME
Personal name Shnmugaratnam, N
245 #0 - TITLE STATEMENT
Title Privatisation of tea plantations
Remainder of title The Challenge of reforming production Relations in Sri Lanka : An Institutional Historical Perspective
Statement of responsibility, etc. N. Shanmugaratnam
260 ## - PUBLICATION, DISTRIBUTION, ETC.
Place of publication, distribution, etc. Colombo
Name of publisher, distributor, etc. Social Sciences Association
Date of publication, distribution, etc. 1997
300 ## - PHYSICAL DESCRIPTION
Extent (e.g. Volumes, Pages etc.) 52 p .,
650 ## - SUBJECT ADDED ENTRY--TOPICAL TERM
Topical term or geographic name entry element History
650 ## - SUBJECT ADDED ENTRY--TOPICAL TERM
Topical term or geographic name entry element Economy
650 ## - SUBJECT ADDED ENTRY--TOPICAL TERM
Topical term or geographic name entry element Social
942 ## - Koha item type (Biblio)
Koha item type Books in Stacks (Lending)
Holdings
Lost status Damaged status Collection code Home library Current library Shelving location Date acquired Full call number Accession Number Item type
    Lending WERC Library WERC Library Social Science Cupboard 03/31/2024 338.9 SHA 2456 Books in Stacks (Lending)

© WERC Library